000 01950nam a2200265 a 4500
001 BRCA_3451
005 20190320204305.0
041 _asp
044 _aspa
084 _a740
_b.F47
_c1805
100 1 _aFernández de Avellaneda, Alonso
_99025
245 1 0 _aVida y hechos del ingenioso hidalgo D. Quixote de la Mancha
_bcontiene su quarta salida y la quinta parte de sus aventuras
_cAlonso Fernández de Avellaneda.
260 _aMadrid
_bVillalpando
_c1805
300 _a2 v.
_c15 cm.
500 _aContenido : v.1. Dedicatoria al Alcalde, regidores e hidalgos de la noble villa del Argamecitla de la mancha, patria feliz del hidalgo caballero Don Quixote, ilustre de los profesores de la caballería andantesca. Prólogo del autor. Soneto de Pedro Fernández. Nota del editor. Aprobación de Don Agustín de Mantiano y Luyando Juicio de esta obra. Texto. -- v.2. Texto
500 _aLa supuesta continuación de la novela, pero de facto una reelaboración ludíbrica de la primera parte de la obra cervantina, pues en ella hay muchos episodios que son mera parodia del original, como por ejemplo: las escenas de la venta y las del castillo ducal y otras, enfocadas desde el punto de vista de la ideología contrarreformista. Así, lo primero que hace el falso autor, es hacer entrar a Don Quijote en una iglesia y asistir a misa, colgarle el rosario, y darle de leer las obras devotas (Flos Sanctorum de Villegas y Guía de pecadores de fray Luis de Granada). Su lenguaje, a pesar de tener ciertas cualidades, es grosero y bajo. Piel; lomeras decoradas con dorados Lúdovik Osterc
500 _aQMB109
650 1 4 _aNovela española
_yÉpoca clásica, 1500-1700
_9215
650 1 4 _aLiteratura española
_yÉpoca clásica, 1500-1700
_9216
650 1 4 _aNovela española
_ySiglo XVII
_9217
650 1 4 _aDon Quijote (Personaje ficticio)
_eNovela
_9218
740 0 _aEl Ingenioso Hidalgo Don Quijote de la Mancha
902 _aQFM
942 _2lcc
_cB
999 _c3187
_d3187